Erving Manuel Goffman: biographical sources of sociological imagination (Record no. 1308269)

MARC details
000 -LEADER
fixed length control field 01841nam a2200217 4500
005 - DATE AND TIME OF LATEST TRANSACTION
control field 20250328151337.0
008 - FIXED-LENGTH DATA ELEMENTS--GENERAL INFORMATION
fixed length control field 250328b |||||||| |||| 00| 0 eng d
020 ## - INTERNATIONAL STANDARD BOOK NUMBER
International Standard Book Number 9781032849997
037 ## - SOURCE OF ACQUISITION
Terms of availability Textual
040 ## - CATALOGING SOURCE
Original cataloging agency RTL
Transcribing agency RTL
084 ## - COLON CLASSIFICATION NUMBER
Classification number YxN22:g R5
Assigning agency RTL
100 ## - MAIN ENTRY--PERSONAL NAME
Personal name Shalin, Dmitri N.
9 (RLIN) 751598
245 ## - TITLE STATEMENT
Title Erving Manuel Goffman: biographical sources of sociological imagination
260 ## - PUBLICATION, DISTRIBUTION, ETC.
Place of publication, distribution, etc. New York and London
Name of publisher, distributor, etc. Routledge
Date of publication, distribution, etc. 2025
300 ## - PHYSICAL DESCRIPTION
Extent 429p.
Other physical details Includes appendix, bibliography, references and index
520 ## - SUMMARY, ETC.
Summary, etc. Erving Goffman is the most cited American sociologist. There is no shortage of studies exploring Goffman’s scholarship but no extant biography of Erving Goffman. The chief reason is that a man who looked behind the facades people erect to protect their private selves, zealously guarded his own backstage. This book is the first comprehensive biography of Goffman, an intellectual of Russian-Jewish descent, who turned the “Potemkin village” trope into a powerful research program. The present study shows how key turns in Goffman’s career reflected dramatic events in his family and personal history. It is based on the materials gathered in the Erving Goffman Archives, a repository curated by the author who has been collecting documents and conducting interviews with Goffman’s relatives, colleagues, and friends. The archival work turned up documents which improve our understanding of Goffman the scholar, the teacher, and the man. The approach adopted in this investigation sheds new light on Goffman’s scholarship which has had an enormous and continuous impact across the social sciences and humanities.
650 ## - SUBJECT ADDED ENTRY--TOPICAL TERM
Topical term or geographic name entry element Social Sciences
650 ## - SUBJECT ADDED ENTRY--TOPICAL TERM
Topical term or geographic name entry element Sociology & Social Policy
9 (RLIN) 751599
650 ## - SUBJECT ADDED ENTRY--TOPICAL TERM
Topical term or geographic name entry element Political Sociology
942 ## - ADDED ENTRY ELEMENTS (KOHA)
Source of classification or shelving scheme Colon Classification (CC)
Suppress in OPAC No
Koha item type Textbook
Classification part YxN22:g R5
Holdings
Withdrawn status Lost status Source of classification or shelving scheme Damaged status Not for loan Home library Current library Date acquired Total Checkouts Full call number Barcode Date last seen Price effective from Koha item type
    Colon Classification (CC)     Ratan Tata Library Ratan Tata Library 2025-03-28   YxN22:g R5 RT1528458 2025-03-28 2025-03-28 Textbook
Copyright @ Delhi University Library System